000 00564nam a2200181Ia 4500
008 100921s9999 xx 000 0 und d
082 _b14608
_a891.463 0
100 _a---
245 _aकेवळ स्वराज्यासाठी.
260 _b---
_c0
300 _a358
_b---
365 _b3
520 _aललित-कादंबरी.
630 _aकेवळ स्वराज्यासाठी.
650 _aललित-कादंबरी.
730 _aकेवळ स्वराज्यासाठी.
942 _cBOOK
999 _c763721
_d763718